| 000 | 00507nam a2200181Ia 4500 | ||
|---|---|---|---|
| 003 | GCL | ||
| 008 | 140319s9999 xx 000 0 eng d | ||
| 040 |
_aGCL / _cGCL |
||
| 082 | 0 | 4 |
_a617.413 _bR I |
| 100 | 1 | _aROUBIN, GARY S. | |
| 245 | 1 | 0 |
_aINTERVENTIONAL CARDIOVASCULAR MEDICINE PRINCIPLES AND PROSTICE / _cROUBIN, GARY S. |
| 260 |
_a[S.N] : _bCHURCHILL LIVINGSTONE ، _c1994 |
||
| 300 | _a989 | ||
| 650 | 0 | 4 | _aENDOSCOPIC SURFERY |
| 650 | 0 | 4 | _aANGIOPLASTY |
| 650 | 0 | 4 | _aBLOOD VESSELS |
| 942 |
_2ddc _cBK |
||
| 999 |
_c10826 _d10826 |
||